Multiple NCAA Final Appearances in a Decade Quiz Stats

Quiz Updated Apr 5, 2017

Challenge
Share
Tweet
Embed
Score 0/32 Timer 05:00
3 Plays Today
Decade Team % Correct
1990sDuke
97.8%
2010sDuke
97.3%
1980sNorth Carolina
96%
2000sNorth Carolina
96%
2010sNorth Carolina
95.4%
1960sUCLA
95.2%
1970sUCLA
95.2%
2010sKentucky
95.1%
1940sKentucky
93.4%
1950sKentucky
93.4%
1970sKentucky
93.4%
1990sKentucky
93.4%
1990sMichigan
91.5%
1950sKansas
88.4%
2000sKansas
88.4%
2000sFlorida
86.3%
Decade Team % Correct
2000sMichigan State
86.2%
2010sConnecticut
84.7%
1980sIndiana
80.6%
2010sButler
80.5%
1980sGeorgetown
73.2%
1960sOhio State
73.1%
1980sLouisville
72.7%
1980sHouston
51.9%
1990sArkansas
47.7%
1950sSan Francisco
43.8%
1940sOklahoma A&M (OK St.)
42.3%
1960sCincinnati
40.7%
1970sMarquette
35.6%
1950sLa Salle
18.3%
1940sDartmouth
7.8%
1950sBradley
6.6%

You're not logged in!

Compare scores with friends on all Sporcle quizzes.
Sign Up with Email
OR
Log In

You Might Also Like...

Show Comments

Extras

Top Quizzes Today


Score Distribution

Your Account Isn't Verified!

In order to create a playlist on Sporcle, you need to verify the email address you used during registration. Go to your Sporcle Settings to finish the process.